| 000 | 01190nam a22002537a 4500 | ||
|---|---|---|---|
| 001 | 32566 | ||
| 003 | AR-RoBPED | ||
| 005 | 20260414132318.0 | ||
| 008 | 260413s1970 sp ||||er|||| 001 1 spa d | ||
| 020 | _a | ||
| 040 | _aAR-RoBPED | ||
| 041 | _aspa | ||
| 100 |
_aAldecoa, Ignacio _d1925-1969 _930648 |
||
| 245 | 1 | 3 |
_aLa tierra de nadie y otros relatos / _cIgnacio Aldecoa ; prólogo de Ana María Matute. |
| 260 |
_aEstella [Navarra] : _bSalvat, _c1970. |
||
| 300 | _a187 p. | ||
| 490 |
_a(Biblioteca Básica Salvat ; _vN° 68) |
||
| 650 | 4 |
_aLITERATURA ESPAÑOLA _9687 |
|
| 650 | 4 |
_aCUENTOS _9291 |
|
| 650 | 4 |
_aRELATOS _9495 |
|
| 700 | 1 |
_aMatute, Ana María _d1925-2014 _917277 _eprol. |
|
| 942 |
_2udc _cBK _h860-3 _mA 36 _nInv. 42375 _aK. 32566 |
||
| 945 | _assanchez 13/04/26 - cd 14/04/2026 | ||
| 999 |
_c32566 _d32566 |
||